01194nam a2200253 a 450000100100000000500170001000800410002702000180006804000260008610000430011224500900015526000720024530000210031749000910033849000250042950400730045450400320052750000700055971000610062983000960069083000320078695201050081899900170092300004327520250909091242.0140303s2010 sp 000 0 spa d a9788483471203 aDO-SdBNPbspiacBNPHU1 aNieves Pinillos, María de las97089413aPensamiento de la emanciapación hispanoamericana /cMaría de las Nieves Pinillos. aMadrid :bAgencia Española de Cooperación Internacional,c2010. a300 p. ;c24 cm.1 aAntología del pensamiento político, social y económico de América latina ;v251 aCiencias y humanismo aIncluye referencias bibliográficas y notas al pie de las páginas aBibliografía : p. 291-300 aIncluye datos biográficos del autor en al solapa de la cubierta2 aAgencia Española de Cooperación Internacional934585 0aAntología del pensamiento político, social y económico de América latinav25970870 0aCiencias y humanismo970218 001050718MOaGRbGRcCTd2014-03-04iLF1l0o p43275-10r2020-06-25w2020-06-25y1ZNo se presta c42764d42764